00377cam a22001217a 4500020001800000040000800018082001800026245004900044260007700093300002900170650003900199700001700238 a9780470056691 dDLC04a612.8011322200aHandbook of neural engineering cMetin Akay. aHoboken, N.J. :bWiley ;aChichester :bJohn Wiley [distributor],c2007. a662 p. :bill. ;c27 cm. 0aNeural networks (Computer science)1 aAkay, Metin.